00475nam a2200181 a 4500001001300000003000900013005001700022008004100039020002300080082001700103100001600120245004100136260003600177300000900213500003500222505001000257650002600267nice12345678IN_TiNIC20260116015047.0050524s1991 muma grp 000 0 eng  a8172249 c12500a291.561bKAM aKamath, M V aSai Baba of Shirdib a Unique Saint. aMumbai bJaico Pub.House c1991 a328p aincludes index and biblioraphy2 aIndex aHindu Saints-Sai Baba